NBA Records - Statistics

General Stats
  • This quiz has been taken 122 times
    117 since last reset
  • The average score is 18 of 35
Answer Stats
Hint Answer % Correct
Most Points All Time LeBron James
99%
Most PPG (Career) Michael Jordan
95%
Most 3 Pointers Made Stephen Curry
95%
Most Assists All Time John Stockton
91%
Most PPG (Season) Wilt Chamberlain
90%
Team With Most Championships Boston Celtics
86%
FMVP On The Loosing Team Jerry West
86%
Most Triple Doubles Russell Westbrook
86%
Team With Most WIns (Single Season) Golden State Warriors
79%
Quadruple Double: 18 Points Hakeem Olajuwon
78%
Most Field Goals Made Kareem Abdul-Jabbar
77%
Youngest MVP Derrick Rose
74%
Most Rings (Player) Bill Russell
71%
Most APG (Career) Magic Johnson
65%
Quadruple Double: 32 Points David Robinson
54%
Most 3 Pointers Shot James Harden
54%
Most Rings (Coach) Phil Jackson
53%
Most Dunk Contest Wins Nate Robinson
51%
Best 3 Point Percent Steve Kerr
51%
Oldest MVP Karl Malone
50%
Most Dunks Dwight Howard
49%
Team With 2 Quadruple Doubles San Antonio Spurs
44%
Most Double Doubles Tim Duncan
40%
Most SPG (Career) Alvin Robertson
36%
Quadruple Double: 20 Points Alvin Robertson
36%
Most BPG (Career) Mark Eaton
28%
Team With The Most Points In A Game Detroit Pistons
22%
Heaviest Player Oliver Miller
19%
Never Missed A Mid Range Shaun Livingston
18%
Lightest NBA Player Spud Webb
18%
Quadruple Double: 22 Points Nate Thurmond
15%
Youngest Ever Player Andrew Bynum
8%
Most 3 Point Contest Wins (Tied With Bird) Craig Hodges
8%
Oldest Ever Player Nat Hickey
3%
Team With Most All Stars Los Angles Lakers
1%
No matching quizzes found
Score Distribution
Percent of People with Each Score
Percentile by Number Answered
Your Score History
You have not taken this quiz since the last reset